| 000 | 00409nam a2200145 a 4500 | ||
|---|---|---|---|
| 001 | 000032093 | ||
| 005 | 20200930063425.0 | ||
| 008 | 110712s2004 dr 000 0 spa d | ||
| 040 |
_aDO-SdBNP _bspa _cBNPHU |
||
| 100 | 1 |
_aBrito Jáquez, MilagroS _958213 |
|
| 245 | 1 | 0 |
_aEn el cofre azul / _cMilagroS Brito Jáquez. |
| 260 |
_a[Santo Domingo] : _b[s.n.], _c[19--?]. |
||
| 300 |
_a44 p. ; _c15 cm. |
||
| 049 | _aBNPD | ||
| 999 |
_c31584 _d31584 |
||